00775nam a22002417a 45000010005000000030006000050050017000110080041000280200018000690400029000870500014001160820012001301000015001422450078001572600035002353000049002705050008003195200113003275210020004405210020004606500021004807000032005013176FISKH20240215145404.0240215b cb ||||| |||| 00| 0 eng d a9780590292986 aFISKHbengcFISKHdFISKH aPZ73.R397 a813.54  aReid, Mary aHow have I grown? /cWritten by Ried, Mary : illustrated by Speirs, John  aNew York :bScholastic, c1995 a32 pages : bcolor illustrations ;c26 cm .  aF  aA young girl describes the ways she has changed from the time she was a baby until she goes to kindergarten.8 a300 bLexile 8 aF bRaz-Plus  agrowth vfiction aSpeirs, John eillustrator